| 000 | 01785nam1a2200361 i 4500 | ||
|---|---|---|---|
| 001 | RU\NLR\bibl\591291 | ||
| 005 | 20260407082637.0 | ||
| 010 | _a5-94560-085-7 | ||
| 035 | _a(NLR Aleph) 000583262 | ||
| 090 |
_a1666315 _c1666315 |
||
| 100 | _a20041227d20049999u y0rusy50 ca | ||
| 101 | 0 |
_arus _deng |
|
| 102 | _aRU | ||
| 105 | _a||||g ||||| | ||
| 200 | 1 |
_aСводный каталог сибирской и дальневосточной книги. 1790-1917 гг. _eВ 3 т. _fСиб. отд-ние РАН, Гос. публ. науч.-техн. б-ка _g[Отв. сост. Р.Е. Павлова _gНауч. ред. к.п.н. Е.Б. Соболева] |
|
| 210 |
_aНовосибирск _cГПНТБ СО РАН _d2004 |
||
| 215 | _d27 | ||
| 300 | _aРез. на англ. яз. | ||
| 463 | 0 | _1001579471 | |
| 463 | 0 | _1001802466 | |
| 463 | 0 | _1001866789 | |
| 606 | 0 |
_aКниги _jСводные каталоги _yСибирь _z1790 - 1917 _92357182 _3RU\NLR\auth\661407878 |
|
| 606 | 0 |
_aКниги _jСводные каталоги _yДальний Восток _z1790 - 1917 _92357191 _3RU\NLR\auth\661407883 |
|
| 686 | _aЯ12(28) | ||
| 702 | 1 |
_aПавлова _bР. Е. _gРимма Евдокимовна _4220 |
|
| 702 | 1 |
_4340 _8rus _7ca _aСоболева _bЕ. Б. _cканд. пед. наук, библ. дело _f1945-2008 _gЕлена Борисовна _3RU\NLR\auth\7737126 _920115 |
|
| 712 | 0 | 2 |
_4570 _aГосударственная публичная научно-техническая библиотека _cНовосибирск _3RU\NLR\AUTH\888824 _9290140 |
| 801 | 0 |
_aRU _bNLR _c20041227 _gPSBO |
|
| 801 | 1 |
_aRU _bNLR _c20041227 |
|
| 830 | _aСост. по ГАК, ред. поЭК | ||
| 852 |
_aNLR _jС 2004-4/116 |
||
| 942 | _cBOOK | ||